Gay american history Lesbian and Gay Men in the U.S.A.

Đã lưu trong:
Chi tiết về thư mục
Tác giả chính: Katz, Jonathan
Định dạng: Không biết
Ngôn ngữ:Tiếng Anh
Các nhãn: Thêm thẻ
Không có thẻ, Là người đầu tiên thẻ bản ghi này!

MARC

LEADER 00000 a2200000 4500
005 20240731185422.0
008 240731b |||||||| |||| 00| 0 eng d
040 |c GP 
100 |a Katz, Jonathan 
245 |a Gay american history  |b Lesbian and Gay Men in the U.S.A. 
942 |2 ddc  |c BK  |n 0 
952 |0 0  |1 0  |2 ddc  |4 0  |6 306_766000000000000_KAT  |7 1  |9 1752  |a RM  |b RM  |d 2024-07-31  |l 0  |o 306.766 KAT  |p 560  |r 2024-07-31 18:54:39  |w 2024-07-31  |y BK 
999 |c 1568  |d 1568